000 01303nam a2200349 i 4500
001 115030
003 ES-MaACL
005 20251016161241.0
007 t|
008 070219s1958 sp |||| | spa d
080 _a821.111(73)-3"19"(082.2)
245 0 0 _aBiblioteca de Selecciones.
260 _aMadrid :
_bSelecciones del Reader's Digest,
_c1958.
300 _a450 p. ;
_c20 cm.
490 1 _aBiblioteca de Selecciones ;
_v1
505 8 _aContiene: Estampa de Birmania / por J.H. Williams . Dos soldados / por William Faulkner . El cardenal / por Henry Morton Robinson . El caso del expediente P-2458 / por David W. Peck . El caballo de madera / por Eric Wiliams
650 7 _aNovela norteamericana
_2
_9146954
700 1 _aWilliams, J. H.
_9116931
700 1 _aFaulkner, William,
_d1897-1962
_9242365
700 1 _aMorton Robinson, Henry.
_983733
700 1 _aPeck, David W.
_989854
700 1 _aWilliams, Eric.
_9116921
710 2 _aSelecciones del Reader's Digest.
_96545
740 0 2 _aEstampa de Birmania.
740 0 2 _aDos soldados.
740 3 2 _aEl cardenal.
740 3 2 _aEl caso del expediente P-2458.
740 3 2 _aEl caballo de madera.
830 1 _aBiblioteca de Selecciones ;
_v1
_9185950
852 4 _aES-MaACL
_jE-4207
999 _c115030
_d115030